Welcome to the Holygrace Academy Library

Please use search bar below to get started

PRACTICAL ENGLISH GRAMMAR & COMPOSITION (Record no. 3858)

MARC details
000 -LEADER
fixed length control field 00309nam a22001217a 4500
082 ## - DEWEY DECIMAL CLASSIFICATION NUMBER
Classification number 425
Item number BRI/K
100 ## - MAIN ENTRY--AUTHOR NAME
Personal name BRIGHT,J.S
245 ## - TITLE STATEMENT
Title PRACTICAL ENGLISH GRAMMAR & COMPOSITION
260 ## - PUBLICATION, DISTRIBUTION, ETC. (IMPRINT)
Place of publication NEW DELHI
Name of publisher VEE KUMAR PUBLICATIONS
300 ## - PHYSICAL DESCRIPTION
Number of Pages 288
650 ## - SUBJECT ADDED ENTRY--TOPICAL TERM
Topical Term ENGLISH GRAMMAR & COMPOSITION
Geographic subdivision NEW DELHI
942 ## - ADDED ENTRY ELEMENTS (KOHA)
Koha item type Books
Holdings
Withdrawn status Lost status Collection code Home library Current library Shelving location Date acquired Source of acquisition Full call number Accession Number Koha item type
    Reference Main Library Main Library SHELF-16C -ENGLISH GRAMMAR SYNONYMS7ANTONYMS,LETTERS, ETC 02/10/2006 PURCHASE 425 BRI/K 00844 Books